Normal view
MARC view
- Anandakrishnan, Satya M
Entry Personal Name
001 - CONTROL NUMBER
- control field: 333860
003 - CONTROL NUMBER IDENTIFIER
- control field: KE-NaSUL
005 - DATE AND TIME OF LATEST TRANSACTION
- control field: 20250829102749.0
008 - FIXED-LENGTH DATA ELEMENTS
- fixed length control field: 250829|| aca||aabn | a|a d
040 ## - CATALOGING SOURCE
- Original cataloging agency: KE-NaSUL
- Transcribing agency: KE-NaSUL
100 ## - HEADING--PERSONAL NAME
- Personal name: Anandakrishnan, Satya M
670 ## - SOURCE DATA FOUND
- Source citation: Work cat.: (KE-NaSUL)281605: Regan, Frank J. 333857, Dynamics of atmospheric re-entry, c1993.